Deutschland nach Buchstabe - Z - Statistiken

Allgemein
  • Dieses Quiz wurde 82 mal gespielt
  • Das Durchschnittsergebnis liegt bei 11 aus 20
Antwortstatistiken
Hinweis Antwort % Korrekt
Höchster Berg Deutschlands in den Alpen Zugspitze
100%
Öffentlich-Rechtlicher Fernsehsender mit Sitz in Mainz ZDF
99%
1939 von Deutschland verursachter Krieg Zweiter Weltkrieg
97%
Kreisstadt in Sachsen, in der Audi gegründet wurde Zwickau
94%
Bezeichnung für deutsche Bergwerke, zum Beispiel im Erzgebirge oder insbesondere im Ruhrgebiet Zeche
87%
Erfolgreicher Produzent und Sänger von Kinderliedern (In der Weihnachtsbäckerei, Die Jahresuhr) Rolf Zuckowski
76%
Barocker Palast- und Orangeriebau in Dresden, der die Dresdner Porzellansammlung und die Galerie Alte Meister beinhaltet Zwinger
65%
Spitzname des Fußballvereins MSV Duisburg Zebras
63%
Ehemalige Residenzstadt in der Pfalz an der Grenze zum Saarland Zweibrücken
59%
Berliner Sänger (Hier kommt Kurt), der jedes Jahr zu Weihnachten obdachlose Menschen zu einem Festessen einlädt Frank Zander
56%
Herzhafte gebackene Spezialität in Süd- und Ostdeutschland, häufig zusammen mit Federweißer gegessen Zwiebelkuchen
55%
Erfinder des Z3, des ersten Computers der Welt Konrad Zuse
48%
Stadtteil im Norden von Stuttgart, in dem sich der Sitz von Porsche befindet Zuffenhausen
44%
Katholische Konservative Partei in der Weimarer Republik und im Kaiserreich (Erzberger, Brüning, Marx, Adenauer) Zentrum
35%
Sächsische Kreisstadt an der Neiße bei Görlitz, die an Polen und Tschechien grenzt Zittau
35%
Größtes ehemaliges Steinkohlebergwerk des Ruhrgebietes, UNESCO-Weltkulturerbe Zollverein
35%
Stadt im Kreis Euskirchen im Rheinland, bei der sich Frankenkönig bei einer Schlacht zum Christentum bekehrt haben soll Zülpich
23%
Ehemalige Residenzstadt in Sachsen-Anhalt an der Grenze zu Thüringen und Sachsen mit Schloss Moritzburg Zeitz
20%
Ehemalige Residenzstadt eines Anhaltischen Herzogtums nördlich von Dessau Zerbst
20%
Fluss in Bayrisch-Schwaben durch Dinkelscherben und Butterwiesen, der in Donauwörth in die Donau mündet Zusam
7%
Keine übereinstimmenden Quizze gefunden
Verteilung der Resultate
Anzahl Personen mit jedem Resultat
Perzentil nach korrekt beantworteten Fragen
Ihre Resultats-Entwicklung
Sie haben dieses Quiz noch nicht gespielt